| 000 | 01687nam0a2200385 4500 | ||
|---|---|---|---|
| 001 | RU\NLR\bibl\1690466 | ||
| 005 | 20260408081251.0 | ||
| 010 |
_a978-5-87865-522-4 _9150 |
||
| 021 |
_aRU _b2010-72932 _94832 |
||
| 035 | _a(nilc)RSL-KNO-004736079 | ||
| 035 | _a(NLR Aleph) 001681585 | ||
| 090 |
_a1104674 _c1104674 |
||
| 100 | _a20100928d2010 |||y0rusy50 ca | ||
| 101 | 0 | _arus | |
| 102 | _aRU | ||
| 105 | _ay zzzz||||| | ||
| 200 | 1 |
_aШестое чувство _eлитературный альманах _fВосточная экономико-юридическая гуманитарная акад. _gил. Станислава Митрофанова |
|
| 210 |
_aУфа _cАкадемия ВЭГУ _d2010 |
||
| 215 |
_a111 с. _cил. _d20 |
||
| 606 | 1 |
_aЛитературное творчество студентов _jСборники _yУфа, город (Башкирия) _92607396 _3RU\NLR\auth\661543954 |
|
| 606 | 1 |
_aЛитературное творчество преподавателей _jСборники _yУфа, город (Башкирия) _92607397 _3RU\NLR\auth\661543955 |
|
| 686 |
_aШ5(2=Р)75-6я43 _2rubbk |
||
| 686 | _aШ6(2=Р)8-999 | ||
| 686 | _aШ6(2=Р)8-97 | ||
| 686 | _aЧ481.421я43 | ||
| 686 | _aЧ481.385.35я43 | ||
| 702 | 1 |
_aМитрофанов _bС. _gСтанислав _4440 |
|
| 712 | 0 | 2 |
_4570 _aВосточная экономико-юридическая гуманитарная академия _cУфа _9737682 _3RU\NLR\AUTH\8810119549 |
| 801 | 0 |
_aRU _bРГБ _c20100928 _grcr |
|
| 801 | 1 |
_aRU _bРГБ _c20100928 |
|
| 801 | 2 |
_aRU _bNLR _c20101025 _grcr |
|
| 942 | _cBOOK | ||
| 980 | _aNB | ||